| 000 | 01640nam a2200397Ia 4500 | ||
|---|---|---|---|
| 001 | ebr10428174 | ||
| 003 | CaPaEBR | ||
| 006 | m u | ||
| 007 | cr cn||||||||| | ||
| 008 | 100604s2010 enka sb 001 0 eng d | ||
| 010 | _z 2010023022 | ||
| 020 | _z9780754669487 | ||
| 020 | _z9780754697121 | ||
| 040 |
_aCaPaEBR _cCaPaEBR |
||
| 035 | _a(OCoLC)754793913 | ||
| 050 | 1 | 4 |
_aPR149.B62 _bV38 2010eb |
| 082 | 0 | 4 |
_a820.9/3561 _222 |
| 100 | 1 | _aVaught, Jennifer C. | |
| 245 | 1 | 0 |
_aRhetorics of bodily disease and health in medieval and early modern England _h[electronic resource] / _cby Jennifer C. Vaught. |
| 260 |
_aFarnham, Surrey ; _aBurlington, VT : _bAshgate, _cc2010. |
||
| 300 |
_axiii, 243 p. : _bill. |
||
| 490 | 1 | _aLiterary and scientific cultures of early modernity | |
| 504 | _aIncludes bibliographical references and index. | ||
| 533 |
_aElectronic reproduction. _bPalo Alto, Calif. : _cebrary, _d2011. _nAvailable via World Wide Web. _nAccess may be limited to ebrary affiliated libraries. |
||
| 650 | 0 |
_aEnglish literature _xHistory and criticism. |
|
| 650 | 0 | _aHuman body in literature. | |
| 650 | 0 | _aHealth in literature. | |
| 650 | 0 |
_aRhetoric _xSocial aspects _zEngland _xHistory. |
|
| 650 | 0 |
_aEnglish literature _xMedieval influences. |
|
| 650 | 0 |
_aLanguage and languages _xPhilosophy. |
|
| 650 | 0 | _aMedicine in literature. | |
| 655 | 7 |
_aElectronic books. _2local |
|
| 710 | 2 | _aebrary, Inc. | |
| 830 | 0 | _aLiterary and scientific cultures of early modernity. | |
| 856 | 4 | 0 |
_uhttp://site.ebrary.com/lib/rucke/Doc?id=10428174 _zAn electronic book accessible through the World Wide Web; click to view |
| 999 |
_c143695 _d143695 |
||